Movie Stars by Decade - Statistics

General Stats
  • This quiz has been taken 46 times
  • The average score is 23 of 30
Answer Stats
Hint Answer % Correct
Top GunRain Man Color of Money Risky Business Cocktail 1x Golden Globe Award Nominee for Best Actor- Motion Picture Musical or Comedy Total Worldwide Box Office Gross from the decade: $1.1B Tom Cruise
97%
The Godfather Serpico The Godfather Part II Dog Day Afternoon Scarecrow 3x Academy Award Nominee for Best Actor 1x Academy Award Nominee for Best Supporting Actor Al Pacino
95%
1980s: The Empire Strikes Back Raiders of the Lost Ark Blade Runner Return of the Jedi Indiana Jones and the Temple of Doom 1x Academy Award Nominee for Best Actor
Total Worldwide Box Office Gross from the decade: $2.4B
Harrison Ford
95%
Pretty WomanNotting Hill
The Pelican Brief Sleeping with the Enemy Michael Collins 1x Academy Award Nominee for Best Actress 1x Academy Award Nominee for Best Supporting Actress
Total Worldwide Box Office Gross from the decade: $2.7B
Julia Roberts
95%
TitanicRomeo + Juliet What's Eating Gilbert Grape This Boy's Life The Basketball Diaries Box office gross for Titanic $2.2B 1x Academy Award Nominee for Best Supporting Actor 1x Golden Globe Award Nominee for Best Actor in a Motion Picture- Drama 1x Golden Globe Award Nominee for Best Supporting Actor in a Motion Picture- Drama Leonardo DiCaprio
95%
1990s:
Philadelphia Forrest Gump Toy Story Saving Private Ryan Apollo 13
2x Academy Award Winner for Best Actor 1x Academy Award Nominee for Best Actor
Tom Hanks
95%
Se7enFight Club 12 Monkeys Thelma & Louise Meet Joe Black 1x Academy Award Nominee for Best Supporting Actor Brad Pitt
92%
Ace Ventura: Pet Detective The Mask Dumb and Dumber Liar Liar The Truman Show 1999- Golden Globe Award for Best Actor in a Motion Picture Drama 2x Golden Globe Award Nominee for Best Actor Motion Picture Musical or Comedy Total Worldwide Box Office Gross from the decade: $1.9B Jim Carrey
92%
BlowPirates of the Caribbean: The Curse of the Black Pearl Finding Neverland Sweeney Todd: The Demon Barber of Fleet Street Charlie and the Chocolate Factory 3x Academy Award Nominee for Best Actor Total Worldwide Box Office Gross from the decade: $4.5B Johnny Depp
92%
Saturday Night Fever Grease Carrie Moment by Moment The Devil's Rain 1x Academy Award Nominee for Best Actor 2x Golden Globe Award Nominee for Best Actor in a Motion Picture- Musical or Comedy 1x Grammy Award Nominee for Album of the Year John Travolta
92%
AliMen in Black II Bad Boys II The Pursuit of Happyness I am Legend 2x Academy Award Nominee for Best Actor Total Worldwide Box Office Gross from the decade: $3.6B Will Smith
92%
Dirty Harry
Escape from Alcatraz
The Enforcer Every Which Way but Loose The Gauntlet Total Worldwide Box Office Gross from the decade: $411,883,231
Clint Eastwood
87%
TootsieRain man Ishtar Common Threads: Stories from the Quilt Family Business 2x Academy Award Winner for Best Actor 1x Academy Award Nominee for Best Actor Dustin Hoffman
87%
2000s: Ocean's Eleven The Bourne Identity The Bourne Supremacy The Departed The Bourne Ultimatum 1x Golden Globe Award Nominee for Best Actor in a Motion Picture Drama Total Worldwide Box Office Gross from the decade: $3.6B Matt Damon
87%
Mean StreetsThe Godfather Part II Taxi Driver New York, New York The Deer Hunter 1975- Academy Award for Best Supporting Actor 2x Academy Award Nominee for Best Actor Robert De Niro
87%
Ocean's ElevenOcean's Twelve Syriana Michael Clayton Good Night, and Good Luck 2006- Academy Award for Best Supporting Actor 1x Academy Award Nominee for Best Actor 1x Academy Award Nominee for Best Director 1x Academy Award Nominee for Best Original Screenplay George Clooney
85%
1970s: Five Easy Pieces Chinatown One Flew Over the Cuckoos Nest The Fortune The Last Tycoon 1976- Academy Award for Best Actor 3x Academy Award Nominee for Best Actor 1x Academy Award Nominee for Best Supporting Actor Jack Nicholson
82%
Sophie's ChoiceOut of Africa The French Lieutenant's Woman Silkwood Ironweed 1x Academy Award Winner for Best Actress 1x Academy Award Winner for Best Supporting Actress 5x Academy Award Nominee for Best Actress Meryl Streep
82%
ZodiacIron Man Tropic Thunder The Incredible Hulk Sherlock Holmes 1x Academy Award Nominee for Best Supporting Actor 1x Golden Globe Award Winner for Best Supporting Actor- Series, Miniseries or Television Film 1x Golden Globe Award Nominee for Best Supporting Actor- Motion Picture Total Worldwide Box Office Gross from the decade: $2B Robert Downey Jr.
79%
Hunger GamesSilver Linings Playbook American Hustle X-Men: First Class Joy 2013- Academy Award for Best Actress 2x Academy Award Nominee for Best Actress 1x Academy Award Nominee for Best Supporting Actress Jennifer Lawrence
77%
GhostbustersTootsie Little Shop of Horrors Scrooged Caddyshack 1x Golden Globe Award Nominee for Best Actor- Motion Picture Musical or Comedy Total Worldwide Box Office Gross from the decade: $881,121,602 Bill Murray
74%
ThorAvengers: Endgame Avengers: Infinity War Rush Thor: Ragnarok Total Worldwide Box Office Gross from the decade: $4B Chris Hemsworth
69%
Birds of PreyThe Suicide Squad Bombshell Babylon Barbie- Total Worldwide Box Office Gross- $1.4B 1x Academy Award Nominee for Best Supporting Actress 1x Golden Globe Award Nominee for Best Supporting Actress- Motion Picture 1x Golden Globe Award Nominee for Best Actress – Motion Picture Comedy or Musical Margot Robbie
56%
The Lego MovieGuardians of the Galaxy Jurassic World Avengers: Endgame Avengers: Infinity War Total Worldwide Box Office Gross from the decade: $10.9B Chris Pratt
54%
DuneA Complete Unkown Wonka Dune: Part Two The French Dispatch 1x Academy Award Nominee for Best Actor 1x Golden Globe Award Nominee for Best Actor in a Motion Picture- Musical or Comedy 1x Golden Globe Award Nominee for Best Actor in a Motion Picture- Drama Timothee Chalamet
54%
Red Notice Black Adam Fast X Red One Moana 2 Total Worldwide Box Office Gross from the decade- $3B Dwayne Johnson
51%
Captain America: The First AvengerThe Avengers Django Unchained Captain America: The Winter Soldier Kingsman: The Secret Service Total Worldwide Box Office Gross from the decade: $6.7B Samuel L. Jackson
51%
2020s: Spider-Man: No Way Home Uncharted Venom: Let There Be Carnage Dolittle Devil All the Time Total Worldwide Box Office Gross from the decade: $1.1B Tom Holland
49%
DuneDune: Part Two Spider-Man: No Way Home Challengers Space Jam: A New Legacy 1x Golden Globe Nominee for Best Actress in a Motion Picture: Musical or Comedy Total Worldwide Box Office Gross from the decade: $3.3B Zendaya
46%
2010s:
The Avengers Captain America: The Winter Soldier Avengers: Age of Ultron Captain America: Civil War Avengers: Endgame
Total Worldwide Box Office Gross from the decade: $4.6B
Scarlett Johansson
41%
No matching quizzes found
Score Distribution
Percent of People with Each Score
Percentile by Number Answered
Your Score History
You have not taken this quiz